| 000 | 00541nam a2200169Ia 4500 | ||
|---|---|---|---|
| 008 | 260520s2024 xx 000 0 und d | ||
| 020 | _a978-81-19120-87-1 | ||
| 041 | _amar | ||
| 082 | _a954.04/KAL | ||
| 100 | _aकाळबांडे, ए एम | ||
| 245 | _aसमकालीन भारताचा इतिहास (१९४७-१९९०) | ||
| 250 | _a1st ed | ||
| 260 |
_aजळगाव _bप्रशांत पब्लिकेशन _c2024 |
||
| 300 | _a238p. | ||
| 500 | _aCat No: 15025 | ||
| 650 | _aHISTORY | ||
| 999 |
_c1221832 _d1221832 |
||